Statystyki dla Największe miasta w Polsce na literę D

Kliknij tutaj aby rozwiązać quiz!

Ogólne statystyki

  • Ten quiz został rozwiązany 2 323 razy
  • Średni wynik to 4 z 10

Statystyki odpowiedzi

Rank.Liczba mieszańcówWojewództwoMiasto% Poprawnych
1.119.373śląskieDąbrowa Górnicza
85%
2.45.504podkarpackieDębica
53%
7.13.695zachodniopomorskieDarłowo
51%
5.16.058lubelskieDęblin
40%
3.33.137dolnośląskieDzierżoniów
35%
4.21.274warmińsko-mazurskieDziałdowo
30%
9.11.523zachodniopomorskieDrawsko Pomorskie
29%
6.13.696zachodniopomorskieDębno
23%
8.11.864małopolskieDąbrowa Tarnowska
21%
10.10.182warmińsko-mazurskieDobre Miasto
12%

Rozkład punktacji

Percentyl według liczby udzielonych odpowiedzi

Procent ludzi z każdym wynikiem

Twoja historia wyników

Nie rozwiązałeś tego quizu